| 000 | 00623nam a22002172a 4500 | ||
|---|---|---|---|
| 001 | 22740 | ||
| 003 | BD-RjUL | ||
| 005 | 20211209000839.0 | ||
| 008 | 140309s1953 enk 000 1 eng d | ||
| 035 | _a(BD-RjUL)22805 | ||
| 040 |
_aKSU _cKSU _dOCL _dEQO _dBD-RjUL _beng |
||
| 041 | _aeng | ||
| 082 |
_220 _a813.54 _bLAD 1953 |
||
| 090 |
_aPT9875.L2 _bD92 1953 |
||
| 100 | 1 |
_aLagerkvist, Pär, _d1891-1974. _962187 |
|
| 245 | 1 | 4 |
_aThe dwarf / _ctranslated from the Swedish by Alexandra Dick |
| 260 |
_aLondon : _bChatto & Windus, _cc1953 |
||
| 300 |
_a175 p. ; _c19 cm |
||
| 650 | 0 |
_aDwarfs _vFiction. _970149 |
|
| 942 |
_2ddc _cBK |
||
| 999 |
_c22740 _d22740 |
||